The European Union as a Major Trading Player in the Global Economy
Kritické zhodnotenie pozície Európskej únie v globálnom obchode. Vývoj z dlhodobej perspektívy. Analýza obchodu vnútri EÚ a obchodu so štátmi mimo nej. Porovanie s ostatnými svetovými hráčmi. Predikcie do budúcnosti.
Guardado en:
| Autor principal: | |
|---|---|
| Formato: | Capítulo de libro |
| Lenguaje: | inglés |
| Materias: | |
| Etiquetas: |
Sin Etiquetas, Sea el primero en etiquetar este registro!
|
MARC
| LEADER | 00000naa$a2200000$$$4500 | ||
|---|---|---|---|
| 001 | 0260353 | ||
| 005 | 20240502083743.4 | ||
| 041 | 0 | |a eng | |
| 044 | |a US | ||
| 245 | 1 | 0 | |a The European Union as a Major Trading Player in the Global Economy |c Zuzana Kittová |
| 520 | |a Kritické zhodnotenie pozície Európskej únie v globálnom obchode. Vývoj z dlhodobej perspektívy. Analýza obchodu vnútri EÚ a obchodu so štátmi mimo nej. Porovanie s ostatnými svetovými hráčmi. Predikcie do budúcnosti. | ||
| 610 | 2 | 0 | |a obchod svetový |
| 610 | 2 | 0 | |a Európska únia |
| 610 | 2 | 0 | |a konkurencieschopnosť |
| 610 | 2 | 0 | |a integrácia |
| 610 | 2 | 0 | |a globalizácia hospodárstva |
| 100 | 1 | |a Kittová, Zuzana, 1975- | |